[Event "GEO-ch U20"]
[Site "Tbilisi"]
[Date "2000.??.??"]
[Round "?"]
[White "Akhalaia, Nikoloz"]
[Black "Jirkvalishvili, Otar"]
[Result "0-1"]
[WhiteElo "2054"]
[BlackElo "2249"]
[PlyCount "77"]
[EventDate "2000.??.??"]
[EventType "swiss"]
[EventRounds "9"]
[EventCountry "GEO"]
[SourceTitle "EXT 2002"]
[Source "ChessBase"]
[SourceDate "2001.11.25"]
[SourceVersion "1"]
[SourceVersionDate "2001.11.25"]
[SourceQuality "1"]

1. e4 g6 2. d4 Bg7 3. Nc3 d6 4. Be3 c6 5. a4 Nd7 6. g3 e5 7. dxe5 dxe5 8. Bg2 Ngf6 9. h3 0-0 10. Nge2 Qe7 11. Qd2 Nb6 12. b3 Rd8 13. Qc1 Nbd7 14. 0-0 b6 15. a5 Ba6 16. Rd1 b5 17. Bf3 Nc5 18. Qa3 Bf8 19. Rxd8 Rxd8 20. b4 Ne6 21. Bc1 Qxb4 22. Qxb4 Bxb4 23. Be3 Nd4 24. Bxd4 exd4 25. Na2 Bc5 26. Rd1 Nd7 27. Nac1 Ne5 28. Bg2 b4 29. Bf1 Bf8 30. Nb3 c5 31. Nf4 Nf3+ 32. Kg2 Bxf1+ 33. Rxf1 Ng5 34. f3 c4 35. Nd2 Rc8 36. Nd5 Ne6 37. f4 Nc5 38. Rb1 c3 39. Nb3 0-1